|
|
|
|
| LEADER |
00000nam0a2200000 4500 |
| 001 |
41588 |
| 005 |
20231031014451.0 |
| 035 |
|
|
|a (RuTPU)RU\TPU\book\42715
|
| 090 |
|
|
|a 41588
|
| 100 |
|
|
|a 20020625d1982 k y0rusy50 ca
|
| 101 |
0 |
|
|a rus
|
| 102 |
|
|
|a RU
|
| 105 |
|
|
|a a z 001zy
|
| 200 |
1 |
|
|a Метод крупных частиц в газовой динамике
|a Вычислительный эксперимент
|f О. М. Белоцерковский , Ю. М. Давыдов
|
| 210 |
|
|
|a Москва
|c Наука
|d 1982
|
| 215 |
|
|
|a 391 с.
|c ил.
|
| 320 |
|
|
|a Библиогр.: с. 372-389.
|
| 320 |
|
|
|a Предм. указ.: с. 390-391.
|
| 610 |
1 |
|
|a физика
|
| 610 |
1 |
|
|a газовая динамика
|
| 610 |
1 |
|
|a крупные частицы
|
| 610 |
1 |
|
|a методы
|
| 610 |
1 |
|
|a расчет
|
| 610 |
1 |
|
|a течения
|
| 610 |
1 |
|
|a трансзвуковые течения
|
| 610 |
1 |
|
|a потоки
|
| 610 |
1 |
|
|a турбулентные течения
|
| 675 |
|
|
|a 533.6.01
|v 3
|
| 700 |
|
1 |
|a Белоцерковский
|b О. М.
|g Олег Михайлович
|
| 701 |
|
1 |
|a Давыдов
|b Ю. М.
|g Юрий Михайлович
|
| 801 |
|
1 |
|a RU
|b 63413507
|c 20020625
|g PSBO
|
| 801 |
|
2 |
|a RU
|b 63413507
|c 20080617
|g PSBO
|
| 942 |
|
|
|c BK
|